000 00451nam a2200181 a 4500
001 1761544324601
003 ACL
005 20251027112614.0
008 251027s2006##################000#0#eng##
020 _a9781593376109
082 0 4 _a658.87
_bWEI
100 1 _aWeiss, Sonia,
_eauthor.
245 1 0 _aStreetwise Selling On Ebay :
260 _bAdams Media,
_c2006.
650 0 _aBusiness & Economics.
942 _cENGLISH
040 _aACL
_beng
_cACL
999 _c594287
_d594287